000 01613nam0a2200313 i 4500
001 RU\NLR\BIBL_A\010808900
005 20240921120007.0
010 _a9785902022800
_91050
021 _aRU
_b2015-46811
035 _a(NILC)RuMoRGB-007962001
035 _a(NLR Aleph) 010808900
090 _a10195018
_c10195018
100 _a20150727d2015 u y0rusy50 ca
101 0 _arus
102 _aRU
105 _aac||z|||000yy
200 1 _aВоспоминания о Великой Отечественной войне
_fАдминистрация Заволжского гор. поселения, Заволжский гор. художественно-краеведческий музей
_g[авт.-сост.: С.В. Касаткина, Т.Н. Шишкарева]
210 _aЗаволжск
_aИваново
_cРеферент
_d2015
215 _a125, [2] с.
_cил., портр.
_d22
606 1 _aВеликая Отечественная война
_jВоспоминания, записки и т.п
_xГерои и героизм
_yЗаволжский район (Ивановская область)
_z1941 - 1945
_92255704
_3RU\NLR\AUTH\6601582986
686 1 _aЦ35(2)722-424д(2Р-4И),013
702 1 _aКасаткина
_bС. В.
_gСветлана Вадимовна
_4220
712 0 2 _4570
_aЗаволжский городской художественно-краеведческий музей
_9477155
_3RU\NLR\AUTH\880405182
801 0 _aRU
_bРГБ
_c20150625
_gRCR
942 _cBOOK
980 _aNBR